[Event "Gibraltar Masters"]
[Site "Caleta ENG"]
[Date "2011.01.28"]
[Round "4.62"]
[White "Becker, Thomas1"]
[Black "Tabatt, Hendrik"]
[Result "0-1"]
[WhiteElo "2031"]
[BlackElo "2342"]
[WhiteFideId "4624904"]
[BlackFideId "4653572"]
[EventDate "2011.01.25"]
[EventType "swiss"]

1. c4 b6 2. Nf3 Bb7 3. g3 c5 4. Bg2 g6 5. O-O Bg7 6. Nc3 Nf6 7. a3 O-O 8. b3 d5
9. cxd5 Nxd5 10. Bb2 Nc6 11. Qc2 e5 12. Nxd5 Qxd5 13. Ne1 Qd7 14. Nd3 Rac8 15.
Bxc6 Qxc6 16. f3 Rfe8 17. Nf2 Qd7 18. Bc3 f5 19. Qb2 Re6 20. b4 c4 21. b5 e4 22.
fxe4 Bxc3 23. Qxc3 Bxe4 24. Nxe4 Rxe4 25. Rf2 Qxb5 26. Rc1 Rc5 27. h4 Qe8 28. e3
Qe5 29. Rf4 Qxc3 30. Rxc3 Kf7 31. Kf2 Ke6 32. Kf3 Kd5 33. h5 b5 34. hxg6 hxg6
35. g4 fxg4+ 36. Kxg4 a5 37. Rc1 b4 38. axb4 axb4 39. Kf3 Rxf4+ 40. exf4 Kd4 41.
Ke2 b3 0-1

[Event "Gibraltar Masters"]
[Site "Caleta ENG"]
[Date "2011.01.28"]
[Round "4.64"]
[White "Schweizer, Manfred"]
[Black "Estrada Nieto, Julian"]
[Result "0-1"]
[BlackTitle "IM"]
[WhiteElo "2075"]
[BlackElo "2309"]
[WhiteFideId "4613317"]
[BlackFideId "5101018"]
[EventDate "2011.01.25"]
[EventType "swiss"]

1. g3 Nf6 2. Bg2 d5 3. c4 c6 4. Nf3 dxc4 5. Qc2 b5 6. a4 Bb7 7. Na3 a6 8. O-O e6
9. b3 cxb3 10. Qxb3 Nbd7 11. d4 Be7 12. Ne5 Nxe5 13. dxe5 Nd7 14. Rd1 Qb8 15.
Be3 Nxe5 16. Bf4 g5 17. Bxe5 Qxe5 18. axb5 axb5 19. Nc4 Qc7 20. Rxa8+ Bxa8 21.
Qa2 O-O 22. Na3 Qa5 0-1

[Event "Gibraltar Masters"]
[Site "Caleta ENG"]
[Date "2011.01.28"]
[Round "4.65"]
[White "Bergstrom, Rolf"]
[Black "Navarrete Espi, Samuel"]
[Result "1/2-1/2"]
[WhiteTitle "FM"]
[WhiteElo "2307"]
[BlackElo "2095"]
[WhiteFideId "1702386"]
[BlackFideId "2237725"]
[EventDate "2011.01.25"]
[EventType "swiss"]

1. e4 e5 2. Nc3 Nc6 3. Nf3 Nf6 4. Bb5 Bb4 5. O-O O-O 6. d3 d6 7. Ne2 Ne7 8. c3
Ba5 9. Ng3 c6 10. Ba4 Ng6 11. d4 Re8 12. Bc2 Be6 13. Re1 Bb6 14. h3 h6 15. Be3
Qd7 16. d5 Bxh3 17. dxc6 bxc6 18. gxh3 Qxh3 19. Bd3 Bxe3 20. Rxe3 Ng4 21. Bf1
Nxe3 22. Bxh3 Nxd1 23. Rxd1 Rad8 24. Re1 Nf4 25. Bf1 g6 26. Ba6 Re7 27. Ne2 Ne6
28. Ng3 Nc5 29. Bf1 Na4 30. Re2 Rde8 31. Rd2 Rd8 32. Re2 Nc5 33. Rd2 Kg7 34. b4
Ne6 35. c4 Red7 1/2-1/2

[Event "Gibraltar Masters"]
[Site "Caleta ENG"]
[Date "2011.01.28"]
[Round "4.66"]
[White "Hamer, Martyn"]
[Black "Forsaa, Espen"]
[Result "0-1"]
[BlackTitle "FM"]
[WhiteElo "2041"]
[BlackElo "2306"]
[WhiteFideId "413160"]
[BlackFideId "1504436"]
[EventDate "2011.01.25"]
[EventType "swiss"]

1. e4 c5 2. c3 Nf6 3. e5 Nd5 4. d4 cxd4 5. cxd4 e6 6. Nf3 d6 7. Bc4 Nb6 8. Bd3
Bd7 9. Nc3 Bc6 10. O-O N8d7 11. Re1 dxe5 12. Nxe5 Nxe5 13. Rxe5 Be7 14. Qg4 Bf6
15. Bg5 Nd7 16. Bxf6 Nxf6 17. Qe2 O-O 18. Rd1 Qb6 19. Rg5 g6 20. h4 Qxd4 21.
Bxg6 Qxh4 22. Bxh7+ Kxh7 23. Rg3 Rg8 24. Qd3+ Be4 25. Rh3 Rxg2+ 26. Kh1 Rg1+ 27.
Kxg1 Rg8+ 28. Kf1 Bxd3+ 29. Rdxd3 Qxh3+ 30. Rxh3+ Kg7 31. Nb5 a6 32. Nd6 b6 33.
Ra3 Ra8 34. Rb3 Nd5 35. a4 Kf8 36. Nc4 Rb8 37. Ke2 Ke7 38. Kd3 f6 39. Kd4 Kd7
40. Rh3 Kc6 41. Rh6 b5 42. Ne3 Nxe3 43. fxe3 bxa4 44. Rxf6 Rb4+ 45. Ke5 Rxb2 46.
Rxe6+ Kb5 47. Kd4 Rc2 48. Kd3 Rc8 49. Rh6 a3 50. Rh1 Kb4 51. e4 a2 52. e5 Kb3
53. Rh6 Rd8+ 0-1

[Event "Gibraltar Masters"]
[Site "Caleta ENG"]
[Date "2011.01.28"]
[Round "4.67"]
[White "Obiamiwe, Paul"]
[Black "Piasetski, Leon"]
[Result "0-1"]
[BlackTitle "IM"]
[WhiteElo "2015"]
[BlackElo "2303"]
[WhiteFideId "8500215"]
[BlackFideId "2600072"]
[EventDate "2011.01.25"]
[EventType "swiss"]

1. e4 c5 2. Nf3 e6 3. d4 cxd4 4. Nxd4 a6 5. Bd3 Bc5 6. Nb3 Be7 7. O-O d6 8. f4
Nd7 9. Qe2 Qc7 10. c4 h5 11. Nc3 Bf6 12. Bd2 Ne7 13. Rac1 b6 14. e5 dxe5 15. Ne4
exf4 16. Nxf6+ gxf6 17. Bxf4 e5 18. Be4 Bb7 19. Bd2 Bxe4 20. Qxe4 Qc6 21. Qe2 h4
22. h3 Rg8 23. Be1 Ng6 24. Bd2 Rd8 25. Be3 Qe6 26. Qf2 Ne7 27. c5 bxc5 28. Nxc5
Qxh3 29. Nb7 Nf5 30. Rc3 Nxe3 31. Rxe3 Rxg2+ 32. Qxg2 Qxe3+ 33. Kh1 Rb8 34. Nd6+
Kd8 35. b3 Qg3 36. Qe2 Qh3+ 37. Kg1 Qg3+ 38. Kh1 Qh3+ 39. Kg1 Rb4 40. Nc4 Qg3+
41. Kh1 Qh3+ 42. Kg1 Rb5 43. Rd1 e4 44. Ne3 Rg5+ 45. Ng2 Qf3 46. Qb5 Kc7 0-1

[Event "Gibraltar Masters"]
[Site "Caleta ENG"]
[Date "2011.01.28"]
[Round "4.68"]
[White "Knudsen, Jes West"]
[Black "Nuri, Kambez"]
[Result "0-1"]
[WhiteElo "2000"]
[BlackElo "2300"]
[WhiteFideId "1405985"]
[BlackFideId "1311433"]
[EventDate "2011.01.25"]
[EventType "swiss"]

1. e4 c5 2. b4 cxb4 3. Bb2 d5 4. exd5 Nf6 5. Bxf6 exf6 6. c4 bxc3 7. Nxc3 Be7 8.
Bb5+ Nd7 9. Nge2 O-O 10. Bxd7 Bxd7 11. Rb1 Rb8 12. O-O f5 13. Qb3 Bf6 14. Rfc1
b5 15. Nd1 Re8 16. Ne3 Qa5 17. Qb4 Qxa2 18. Rc7 a5 19. Qb3 Qxb3 20. Rxb3 a4 21.
Rb1 a3 22. d4 Red8 23. Nc2 Be7 24. Na1 b4 0-1

[Event "Gibraltar Masters"]
[Site "Caleta ENG"]
[Date "2011.01.28"]
[Round "4.69"]
[White "Stebbings, Anthony J"]
[Black "Bous, Florian"]
[Result "1-0"]
[WhiteElo "2285"]
[BlackElo "2088"]
[WhiteFideId "402427"]
[BlackFideId "4660412"]
[EventDate "2011.01.25"]
[EventType "swiss"]

1. e4 e5 2. Nf3 Nc6 3. Bb5 a6 4. Ba4 Nf6 5. Qe2 b5 6. Bb3 Be7 7. c3 d6 8. O-O
O-O 9. Rd1 Bb7 10. d4 Qc8 11. Nbd2 Qg4 12. h3 Qh5 13. Nf1 Nd7 14. Ng3 Qg6 15. a4
b4 16. a5 bxc3 17. bxc3 exd4 18. cxd4 Nb4 19. Qc4 d5 20. Qxc7 Qc6 21. Qxc6 Bxc6
22. Nf5 Bd8 23. e5 h6 24. Ne3 Rb8 25. Bd2 Re8 26. Rdc1 Ba8 27. Bxb4 Rxb4 28.
Bxd5 Bxd5 29. Nxd5 Rb5 30. Nc7 Bxc7 31. Rxc7 Nf8 32. Kf1 Rd8 33. Ra7 Ne6 34.
Rxa6 Nxd4 35. Rd6 Rxd6 36. exd6 Nxf3 37. a6 Rb8 38. a7 Ra8 39. gxf3 Kf8 40. d7
Ke7 41. Rd1 Kd8 42. Ra1 Kxd7 43. Ke2 Kc6 44. Ke3 Re8+ 45. Kd4 Rd8+ 46. Kc4 Ra8
47. Ra6+ Kb7 48. Kb5 h5 49. Rb6+ Kxa7 50. Ra6+ Kb7 51. Rxa8 Kxa8 52. Kc6 Kb8 53.
Kd7 f6 54. f4 Kb7 55. Ke6 Kc6 56. Kf7 Kd5 57. Kxg7 Ke4 58. Kxf6 Kxf4 59. Kg6 h4
60. Kh5 1-0

[Event "Gibraltar Masters"]
[Site "Caleta ENG"]
[Date "2011.01.28"]
[Round "4.71"]
[White "Avalos Parra, Joao"]
[Black "Itkis, Hana"]
[Result "0-1"]
[WhiteTitle "FM"]
[BlackTitle "WFM"]
[WhiteElo "2252"]
[BlackElo "2084"]
[WhiteFideId "3402541"]
[BlackFideId "2020190"]
[EventDate "2011.01.25"]
[EventType "swiss"]

1. c4 c6 2. Nf3 Nf6 3. d4 d5 4. Nc3 a6 5. g3 dxc4 6. a4 e6 7. Bg2 c5 8. dxc5
Qxd1+ 9. Nxd1 Nc6 10. Be3 Nd5 11. Rc1 Nxe3 12. Nxe3 Bxc5 13. Nxc4 Bb4+ 14. Kf1
Ke7 15. Nfe5 Nxe5 16. Nxe5 Rb8 17. f4 f6 18. Nd3 Bd6 19. e4 e5 20. Kf2 Bd7 21.
b3 Rhc8 22. fxe5 fxe5 23. Rxc8 Rxc8 24. Rc1 Rxc1 25. Nxc1 Be6 26. Ke3 Ba3 27.
Nd3 Bxb3 28. Nxe5 Bxa4 29. Bh3 Bb5 30. Bf5 Bc5+ 31. Kd2 g6 32. Bc8 b6 33. g4 a5
34. h4 a4 35. Kc3 a3 36. Kb3 Bd6 37. Nf3 Bc4+ 38. Kc2 a2 39. Kb2 Ba3+ 40. Ka1 0-1

[Event "Gibraltar Masters"]
[Site "Caleta ENG"]
[Date "2011.01.28"]
[Round "4.72"]
[White "Flores Chico, Jorge"]
[Black "Chapman, Terry P D"]
[Result "0-1"]
[WhiteElo "1999"]
[BlackElo "2250"]
[WhiteFideId "2231310"]
[BlackFideId "413399"]
[EventDate "2011.01.25"]
[EventType "swiss"]

1. Nf3 d5 2. d4 c6 3. e3 e6 4. Bd3 Bd6 5. Nbd2 f5 6. Ne5 Nf6 7. f4 O-O 8. Ndf3
Ne4 9. Bd2 b6 10. Qe2 c5 11. c3 a5 12. O-O Ba6 13. c4 Bb7 14. Rad1 Nd7 15. Bxe4
fxe4 16. Ng5 Qe8 17. Qg4 Rf5 18. cxd5 Bxd5 19. Nxd7 Qxd7 20. dxc5 Bxc5 21. Kh1
h6 22. Nh3 Bxa2 23. Bc3 Qf7 24. Qe2 Bb3 25. Rc1 Qb7 26. g4 Rd5 27. g5 Rd3 28.
Be5 Rxe3 29. Qxe3 Bxe3 30. Rc7 Qxc7 31. Bxc7 Bd4 32. gxh6 gxh6 33. Kg2 Rc8 34.
Bd6 Rc6 35. Bb8 Rc2+ 36. Kg3 e3 37. Be5 e2 38. Re1 Bxb2 0-1

[Event "Gibraltar Masters"]
[Site "Caleta ENG"]
[Date "2011.01.28"]
[Round "4.73"]
[White "Daurelle, Herve"]
[Black "Fairbairn, Stephen"]
[Result "1-0"]
[WhiteElo "2243"]
[BlackElo "2058"]
[WhiteFideId "602655"]
[BlackFideId "2603985"]
[EventDate "2011.01.25"]
[EventType "swiss"]

1. e4 e6 2. d4 d5 3. Nc3 dxe4 4. Nxe4 Bd7 5. Nf3 Bc6 6. Bd3 Nd7 7. O-O Ngf6 8.
Ned2 Be7 9. Nc4 Bxf3 10. Qxf3 c6 11. Ne5 O-O 12. Qh3 Re8 13. Be3 Nf8 14. c4 c5
15. Rfd1 cxd4 16. Bxd4 Qc7 17. Rac1 Rad8 18. Qe3 b6 19. h3 N8d7 20. a3 Bc5 21.
Bxc5 Nxc5 22. Bc2 h6 23. b4 Ncd7 24. Nxd7 Rxd7 25. Rxd7 Qxd7 26. Rd1 Qc7 27. Qd3
Rc8 28. Bb3 Qe5 29. Bc2 Qc7 30. g3 Kf8 31. Bb3 Ke7 32. Kg2 Qc6+ 33. Qf3 Qc7 34.
Rd2 Rd8 35. Rc2 a5 36. c5 axb4 37. axb4 bxc5 38. bxc5 Nd5 39. Bxd5 Rxd5 40. c6
Rd6 41. h4 h5 42. Kh2 g6 43. Qf4 Kd8 44. Qa4 Kc8 45. Qa8+ Qb8 46. Qa6+ Kc7 47.
Qa5+ Kc8 48. c7 Qb7 49. Qc3 e5 50. Qxe5 Rc6 51. Qe8+ Kxc7 52. Qxf7+ Kc8 53. Qe8+
Kc7 54. Qxg6 Rxc2 55. Qxc2+ Kd6 56. Qd1+ 1-0

[Event "Gibraltar Masters"]
[Site "Caleta ENG"]
[Date "2011.01.28"]
[Round "4.74"]
[White "Phillips, Owen S"]
[Black "Henriksson, Johan"]
[Result "0-1"]
[WhiteElo "1992"]
[BlackElo "2243"]
[WhiteFideId "417882"]
[BlackFideId "1703560"]
[EventDate "2011.01.25"]
[EventType "swiss"]

1. e4 c6 2. f4 d5 3. Nf3 dxe4 4. Ng5 Nf6 5. Bc4 e6 6. Nc3 b5 7. Bb3 c5 8. Nxb5
h6 9. Nh3 Bb7 10. O-O c4 11. Ba4 Bc6 12. c3 Qb6+ 0-1

[Event "Gibraltar Masters"]
[Site "Caleta ENG"]
[Date "2011.01.28"]
[Round "4.75"]
[White "Meskovs, Nikita"]
[Black "Compton, Alistair"]
[Result "1-0"]
[WhiteElo "2243"]
[BlackElo "2046"]
[WhiteFideId "11602740"]
[BlackFideId "4300645"]
[EventDate "2011.01.25"]
[EventType "swiss"]

1. d4 e6 2. c4 d5 3. Nc3 c5 4. cxd5 cxd4 5. Qa4+ Bd7 6. Qxd4 exd5 7. Nf3 Nc6 8.
Qd1 d4 9. Nxd4 Bc5 10. Nb3 Bb4 11. Bd2 Nf6 12. a3 Be7 13. g3 Be6 14. Bg2 Qb6 15.
Nc1 Rd8 16. Nd3 Bc4 17. O-O Bxd3 18. exd3 Rxd3 19. Qe2 Qd8 20. Bg5 O-O 21. Rad1
Rd7 22. Rxd7 Qxd7 23. Rd1 Qe8 24. Nb5 h6 25. Bf4 Bc5 26. Qc4 Bb6 27. Nd6 Qd7 28.
Bf3 Qh3 29. Qf1 Qxf1+ 30. Kxf1 g5 31. Bd2 Ne5 32. Be2 Neg4 33. f3 Ne3+ 34. Bxe3
Bxe3 35. Nf5 Bb6 36. Rd6 Ne8 37. Rxh6 Nc7 38. Rh5 Ne6 39. Bc4 Rd8 40. Bxe6 fxe6
41. Rxg5+ Kf8 42. Ng7 Rd2 43. Nxe6+ Kf7 44. Re5 Rf2+ 45. Ke1 Rxh2 46. g4 Rxb2
47. f4 Rb3 48. Ng5+ Kf8 49. Ke2 Rxa3 50. f5 Ra2+ 51. Kd3 Ra3+ 52. Ke2 Ra2+ 53.
Kf3 Ra3+ 54. Kf4 Ra4+ 55. Kg3 Ra1 56. f6 a5 57. Nh7+ Kg8 58. Re7 1-0

[Event "Gibraltar Masters"]
[Site "Caleta ENG"]
[Date "2011.01.28"]
[Round "4.76"]
[White "Valhondo Morales, Ruben"]
[Black "Zygouris, Hristos"]
[Result "0-1"]
[WhiteElo "1948"]
[BlackElo "2215"]
[WhiteFideId "22202692"]
[BlackFideId "4200292"]
[EventDate "2011.01.25"]
[EventType "swiss"]

1. e4 c5 2. Nf3 e6 3. d4 cxd4 4. Nxd4 a6 5. c4 Nf6 6. Nc3 Qc7 7. Be3 Bb4 8. Bd3
Bxc3+ 9. bxc3 d6 10. f4 Nbd7 11. Nb3 b6 12. Qe2 O-O 13. O-O Bb7 14. Bf2 e5 15.
f5 a5 16. a4 Qc6 17. Rfe1 Rfc8 18. g4 Ba6 19. g5 Ne8 20. Nd2 Nc5 21. Bc2 Qd7 22.
Qh5 f6 23. h4 Bb7 24. Re3 Bc6 25. Qd1 Qf7 26. Rg3 Kf8 27. Qe2 Rab8 28. Nf1 Qb7
29. Re3 Qd7 30. Qd1 Qf7 31. Qe2 Rc7 32. Nd2 Ke7 33. Rg3 Rcc8 34. Re3 Nc7 35. Rg3
Rg8 36. Be3 Kd7 37. Kh2 Ne8 38. Kh3 Kc7 39. Bf2 g6 40. Kh2 Ng7 41. Nb3 Nh5 42.
Nxc5 bxc5 43. Rgg1 fxg5 44. Rxg5 Nf4 45. Qg4 Rb2 46. Rc1 Qxc4 47. fxg6 hxg6 48.
h5 gxh5 49. Rg7+ Rxg7 50. Qxg7+ Bd7 0-1

[Event "Gibraltar Masters"]
[Site "Caleta ENG"]
[Date "2011.01.28"]
[Round "4.77"]
[White "Henrichsen, Jens"]
[Black "Vea, Odin Blikra"]
[Result "0-1"]
[WhiteElo "1925"]
[BlackElo "2214"]
[WhiteFideId "1401858"]
[BlackFideId "1503685"]
[EventDate "2011.01.25"]
[EventType "swiss"]

1. d4 Nf6 2. Nf3 e6 3. c4 c5 4. d5 b5 5. dxe6 fxe6 6. cxb5 d5 7. Bg5 Be7 8. Nc3
Nbd7 9. e3 O-O 10. Be2 Bb7 11. O-O Qc7 12. Rc1 e5 13. Bh4 Rae8 14. h3 Bd6 15.
Bg3 e4 16. Bxd6 Qxd6 17. Nd2 d4 18. Bc4+ Kh8 19. Nb3 d3 20. Na4 Re5 21. Na5 Ba8
22. Nc6 Rg5 23. f4 exf3 24. Rxf3 Bxc6 25. bxc6 Ne5 26. Rf2 d2 27. Rc2 Ne4 28.
Rxf8+ Qxf8 29. Qe2 Nf3+ 30. Kh1 0-1

[Event "Gibraltar Masters"]
[Site "Caleta ENG"]
[Date "2011.01.28"]
[Round "4.78"]
[White "Byron, Alan M"]
[Black "Hauge, Lars Oskar"]
[Result "0-1"]
[WhiteElo "2192"]
[BlackElo "1942"]
[WhiteFideId "401773"]
[BlackFideId "1509276"]
[EventDate "2011.01.25"]
[EventType "swiss"]

1. e4 c5 2. Nc3 g6 3. g3 Bg7 4. Bg2 Nc6 5. d3 Nf6 6. f4 d6 7. Nf3 Bg4 8. h3 Bxf3
9. Qxf3 O-O 10. O-O Nd4 11. Qf2 Nd7 12. Nd1 Rb8 13. c3 Nc6 14. Ne3 e6 15. g4 f5
16. exf5 gxf5 17. gxf5 exf5 18. Kh1 Ne7 19. Nd5 Nf6 20. Nxe7+ Qxe7 21. Bd2 Rbe8
22. Bf3 Qc7 23. Rg1 Re7 24. Rae1 Rfe8 25. Rxe7 Rxe7 26. Re1 Kf7 27. Qg2 Rxe1+
28. Bxe1 b6 29. Bf2 Qe7 30. Bd1 d5 31. Qf3 Ke6 32. Bh4 Kd6 33. Bb3 Qe6 34. c4
Ne8 35. cxd5 Qf7 36. Qg2 h6 37. Kh2 Bd4 38. Bd8 Qg7 39. Qf1 Be3 40. Bh4 Nc7 41.
Bg3 Qxb2+ 42. Kh1 Nxd5 43. h4 Qc1 44. Kg2 Qxf1+ 45. Kxf1 Bxf4 46. Bxd5 Bxg3 47.
Bc4 Bxh4 48. Ke2 Ke5 49. Kf3 Bg5 50. Bf7 Kd4 51. Ke2 b5 52. Be8 a6 53. Bd7 f4
54. Bc8 a5 55. Bd7 c4 56. dxc4 bxc4 57. Bc6 c3 58. Ba4 f3+ 0-1

[Event "Gibraltar Masters"]
[Site "Caleta ENG"]
[Date "2011.01.28"]
[Round "4.79"]
[White "Leimeister, Winfried"]
[Black "Urbina Perez, Juan Antonio"]
[Result "0-1"]
[BlackTitle "CM"]
[WhiteElo "1906"]
[BlackElo "2189"]
[WhiteFideId "24653721"]
[BlackFideId "2217368"]
[EventDate "2011.01.25"]
[EventType "swiss"]

1. Nf3 Nf6 2. g3 d5 3. Bg2 Bg4 4. c4 dxc4 5. Qa4+ c6 6. Qxc4 Be6 7. Qc2 g6 8. b4
Bg7 9. Bb2 O-O 10. O-O a5 11. b5 cxb5 12. Nd4 Bd5 13. e4 Bc6 14. Nxc6 Nxc6 15.
d4 Nxd4 16. Qd3 e5 17. Na3 b4 18. Nc4 Nd7 19. Rfd1 Nc5 20. Qe3 Na4 21. Nxe5 Nxb2
22. Rxd4 Qb6 0-1

[Event "Gibraltar Masters"]
[Site "Caleta ENG"]
[Date "2011.01.28"]
[Round "4.80"]
[White "Dougherty, Michael"]
[Black "Messam-Sparks, Lateefah"]
[Result "1-0"]
[WhiteTitle "FM"]
[WhiteElo "2183"]
[BlackElo "1904"]
[WhiteFideId "2601559"]
[BlackFideId "470813"]
[EventDate "2011.01.25"]
[EventType "swiss"]

1. d4 d5 2. Nf3 e6 3. c4 Be7 4. Nc3 Nf6 5. e3 c6 6. Bd3 O-O 7. O-O dxc4 8. Bxc4
b5 9. Bd3 b4 10. Na4 Nbd7 11. e4 h6 12. Qe2 Re8 13. b3 Bb7 14. Rd1 Qc7 15. Bb2
Nb6 16. Nc5 Bxc5 17. dxc5 Nbd7 18. Rac1 e5 19. Nh4 Qa5 20. Qc2 Ba6 21. Nf5 Bxd3
22. Rxd3 Qa6 23. Rcd1 Nf8 24. Rd6 N8h7 25. f3 Qb5 26. Bc1 a5 27. Qf2 Kh8 28. h4
a4 29. g4 axb3 30. axb3 Rg8 31. g5 Ne8 32. Rd7 f6 33. Ne7 fxg5 34. Ng6# 1-0

[Event "Gibraltar Masters"]
[Site "Caleta ENG"]
[Date "2011.01.28"]
[Round "4.81"]
[White "Arnott, Jonathan W"]
[Black "Stene, Vegard"]
[Result "1-0"]
[WhiteElo "2176"]
[BlackElo "1608"]
[WhiteFideId "408077"]
[BlackFideId "1513907"]
[EventDate "2011.01.25"]
[EventType "swiss"]

1. e4 c5 2. Na3 d5 3. exd5 Qxd5 4. Nf3 Bg4 5. Be2 Nf6 6. d3 e6 7. O-O Bd6 8. Nc4
O-O 9. Nxd6 Qxd6 10. h3 Bh5 11. Bg5 Nbd7 12. Qd2 b5 13. Rad1 a5 14. Rfe1 Rfe8
15. g4 Bg6 16. Nh4 h6 17. Bf4 e5 18. Nxg6 fxg6 19. Bg3 Qd5 20. a3 Rf8 21. g5 Nh5
22. Bxh5 gxh5 23. gxh6 g6 24. Qg5 Ra6 25. c4 Qd4 26. Rd2 Raf6 27. Re4 Qd6 28.
Bxe5 Nxe5 29. Qxe5 bxc4 30. Qxd6 Rxd6 31. Rxc4 Rd5 32. Ra4 Ra8 33. b4 Rd4 34.
Rxa5 Rxa5 35. bxa5 Ra4 36. Rc2 Rxa3 37. Rxc5 Rxd3 38. Rc7 Ra3 39. Ra7 Rxh3 40.
Rg7+ Kh8 41. Rxg6 Kh7 42. Re6 Ra3 43. a6 Ra5 44. Kg2 Ra2 45. Rf6 Ra5 46. Kg3 Ra4
47. f4 Ra1 48. Kh4 Rh1+ 49. Kg5 Rg1+ 50. Kxh5 Rh1+ 51. Kg5 Rg1+ 52. Kf5 Ra1 53.
Ke4 Re1+ 54. Kd5 Ra1 55. Kc5 Ra2 56. Kb6 Rb2+ 57. Kc7 Ra2 58. Kb7 Rb2+ 59. Rb6
Re2 60. a7 Re7+ 61. Ka6 Re8 62. Rb8 Re6+ 63. Kb5 Rxh6 64. a8=Q 1-0

[Event "Gibraltar Masters"]
[Site "Caleta ENG"]
[Date "2011.01.28"]
[Round "4.82"]
[White "Gillespie, Gary"]
[Black "Lochte, Thomas"]
[Result "0-1"]
[WhiteElo "1848"]
[BlackElo "2173"]
[WhiteFideId "2402777"]
[BlackFideId "4606272"]
[EventDate "2011.01.25"]
[EventType "swiss"]

1. e4 e5 2. Bc4 Nf6 3. d3 c6 4. Nf3 d5 5. Bb3 Bg4 6. exd5 cxd5 7. O-O Be7 8. h3
Bxf3 9. Qxf3 Nc6 10. Nc3 d4 11. Ne4 Qd7 12. Bg5 Qd8 13. Rae1 O-O 14. Nxf6+ Bxf6
15. Bxf6 Qxf6 16. Qxf6 gxf6 17. f4 Rac8 18. fxe5 fxe5 19. Re4 Rc7 20. Rf5 Kh8
21. Ba4 f6 22. Bxc6 Rxc6 23. Re2 Kg7 24. g4 h6 25. h4 Rfc8 26. g5 hxg5 27. hxg5
Kg6 28. Ref2 Rxc2 29. gxf6 Rxf2 30. Rxf2 Rf8 31. Rc2 Rxf6 32. Kg2 Ra6 33. Rc7
Rb6 34. b3 Ra6 35. Rxb7 Rxa2+ 36. Kf3 Kf5 37. Rf7+ Ke6 38. Rb7 Rd2 39. Ke4 Re2+
40. Kf3 Re3+ 41. Kf2 Rxd3 42. Rxa7 Rxb3 43. Ke2 Kf5 0-1

[Event "Gibraltar Masters"]
[Site "Caleta ENG"]
[Date "2011.01.28"]
[Round "4.84"]
[White "Gholami, Armin"]
[Black "Groffen, Hans"]
[Result "0-1"]
[WhiteElo "1779"]
[BlackElo "2169"]
[WhiteFideId "1510487"]
[BlackFideId "1004140"]
[EventDate "2011.01.25"]
[EventType "swiss"]

1. e4 e6 2. d4 d5 3. exd5 exd5 4. Bd3 Bd6 5. Nf3 Ne7 6. O-O Bf5 7. Re1 Bxd3 8.
Qxd3 O-O 9. c3 Nbc6 10. Nbd2 Ng6 11. Nf1 Qd7 12. Ng3 Rfe8 13. Be3 Bxg3 14. hxg3
a6 15. Nh4 Nxh4 16. gxh4 Re4 17. g3 Rae8 18. f3 R4e6 19. Bf2 Nd8 20. Kg2 g6 21.
Rxe6 Rxe6 22. Re1 Rxe1 23. Bxe1 Qa4 24. Qe2 Ne6 25. a3 Qb3 26. Bf2 a5 27. Be3
Qb6 28. b4 Qc6 29. Bd2 axb4 30. axb4 b5 31. Kf2 f6 32. h5 gxh5 33. f4 Qe8 34.
Qd3 Ng7 35. Be1 c6 36. Qe3 Qxe3+ 37. Kxe3 Nf5+ 38. Kf3 Nh6 39. Bf2 Kf7 40. Be1
Ke6 41. Bd2 Kf5 42. Be1 Nf7 43. Ke3 Nd6 44. Kf3 Ne4 45. Kg2 Kg4 46. Kh2 Kf3 0-1

[Event "Gibraltar Masters"]
[Site "Caleta ENG"]
[Date "2011.01.28"]
[Round "4.85"]
[White "Montero Melendez, Rafael"]
[Black "Lundback, Karl"]
[Result "1-0"]
[WhiteElo "2265"]
[BlackElo "1969"]
[WhiteFideId "2221772"]
[BlackFideId "1716026"]
[EventDate "2011.01.25"]
[EventType "swiss"]

1. c4 e5 2. g3 Nf6 3. Bg2 Nc6 4. Nc3 g6 5. e4 Bg7 6. Nge2 d6 7. d3 O-O 8. O-O
Bd7 9. Nd5 Nxd5 10. cxd5 Ne7 11. f4 c6 12. Be3 exf4 13. gxf4 cxd5 14. Qb3 dxe4
15. dxe4 Bc6 16. Rad1 Qc7 17. Nd4 Kh8 18. Rd2 Rad8 19. Rc1 Qd7 20. Qa3 Qg4 21.
Nxc6 Nxc6 22. Rcd1 h5 23. Qb3 Qc8 24. Qb5 Qc7 25. Qe2 Qe7 26. Qf2 b6 27. e5 Na5
28. exd6 Qe6 29. b3 Rd7 30. Bd4 f6 31. Qg3 Kh7 32. Bh3 f5 33. Bxg7 Kxg7 34. Bg2
Rfd8 35. Qc3+ Kg8 36. Qe5 Re8 37. Re1 Qxe5 38. fxe5 Re6 39. Rd4 1-0

[Event "Gibraltar Masters"]
[Site "Caleta ENG"]
[Date "2011.01.28"]
[Round "4.86"]
[White "De Lillo, Michele"]
[Black "Steil-Antoni, Fiona"]
[Result "1/2-1/2"]
[BlackTitle "WIM"]
[WhiteElo "1964"]
[BlackElo "2118"]
[WhiteFideId "814504"]
[BlackFideId "4001249"]
[EventDate "2011.01.25"]
[EventType "swiss"]

1. e4 e5 2. Nf3 Nc6 3. Bb5 Nd4 4. Nxd4 exd4 5. d3 Bc5 6. O-O c6 7. Ba4 d6 8. Nd2
Nf6 9. Nf3 Bg4 10. h3 Bh5 11. c3 dxc3 12. bxc3 Bxf3 13. Qxf3 Qa5 14. Bb3 Qxc3
15. Bf4 O-O 16. Rac1 Qa5 17. Rfd1 Rad8 18. d4 Bb6 19. g4 d5 20. exd5 cxd5 21.
Bg5 Rd6 22. Bxf6 Rxf6 23. Qxd5 Qxd5 24. Bxd5 Rd6 25. Bxb7 Bxd4 1/2-1/2

[Event "Gibraltar Masters"]
[Site "Caleta ENG"]
[Date "2011.01.28"]
[Round "4.87"]
[White "Suez-Panama, Gilles"]
[Black "Garcia De Lomas Guerrero, Carlos"]
[Result "1-0"]
[WhiteElo "2096"]
[BlackElo "1940"]
[WhiteFideId "620165"]
[BlackFideId "2245876"]
[EventDate "2011.01.25"]
[EventType "swiss"]

1. d4 d5 2. Nf3 Nf6 3. c4 e6 4. g3 Be7 5. Bg2 O-O 6. O-O dxc4 7. Qc2 a6 8. Qxc4
b5 9. Qc2 Bb7 10. Bf4 Nc6 11. Rd1 Nb4 12. Qc1 Rc8 13. Nc3 Nbd5 14. Ne5 Nxc3 15.
Qxc3 Bxg2 16. Kxg2 Nd5 17. Qc6 Nb4 18. Qf3 Bd6 19. a3 Bxe5 20. axb4 Bxf4 21.
Qxf4 Qd5+ 22. e4 Qb3 23. Qd2 Ra8 24. Ra3 Qc4 1-0

[Event "Gibraltar Masters"]
[Site "Caleta ENG"]
[Date "2011.01.28"]
[Round "4.88"]
[White "Brown, David"]
[Black "Freuler, Roman"]
[Result "1-0"]
[WhiteElo "1923"]
[BlackElo "2092"]
[WhiteFideId "416150"]
[BlackFideId "1304283"]
[EventDate "2011.01.25"]
[EventType "swiss"]

1. e4 c5 2. Nf3 d6 3. d4 cxd4 4. Nxd4 Nf6 5. Nc3 Nc6 6. Be2 e5 7. Nb3 Be6 8. O-O
Be7 9. f4 exf4 10. Bxf4 O-O 11. Kh1 Rc8 12. Qe1 Ne5 13. Rd1 Qc7 14. Nd4 Rfd8 15.
Qg3 a6 16. Bg5 Kh8 17. Nf5 Bxf5 18. Rxf5 Rd7 19. Qh3 Qd8 20. Bxf6 Bxf6 21. Nd5
Rxc2 22. Nxf6 gxf6 23. Bf1 Rdc7 24. Rh5 Qg8 25. Rxd6 Qg6 26. Rxe5 fxe5 27. Rxg6
fxg6 28. Qe6 R2c5 29. h4 Kg7 30. Kh2 a5 31. b3 b5 32. Qb6 b4 33. Bc4 R7c6 34.
Qd8 Rc7 35. g4 Rc8 36. Qe7+ Kh6 37. Kg3 1-0